Changing minds : computers, learning, and literacy /

Bibliographic Details
Main Author: DiSessa, Andrea A.
Corporate Author: NetLibrary, Inc
Format: eBook
Language:English
Published: Cambridge, Mass. : MIT Press, [2000]
Subjects:
Online Access:Connect to the full text of this electronic book

MARC

Tag First Indicator Second Indicator Subfields
LEADER 00000cam a2200000La 4500
001 in00001756310
005 20220105110409.0
006 m u
007 cr cn---------
008 010605s2000 maua sb 001 0 eng d
020 |a 0585371849 (electronic bk.) 
035 |a (OCoLC)ocm48139841 
040 |a N$T  |c N$T  |d OCLCQ  |d UtOrBLW 
049 |a IICA 
050 1 4 |a LB1028.43  |b .D57 2000eb 
082 0 4 |a 370/.285  |2 21 
100 1 |a DiSessa, Andrea A.  |0 http://id.loc.gov/authorities/names/n80135657 
245 1 0 |a Changing minds :  |b computers, learning, and literacy /  |c Andrea A. diSessa. 
264 1 |a Cambridge, Mass. :  |b MIT Press,  |c [2000] 
264 4 |c ©2000 
300 |a xix, 271 pages :  |b illustrations ;  |c 24 cm. 
336 |a text  |b txt  |2 rdacontent 
337 |a computer  |b c  |2 rdamedia 
338 |a online resource  |b cr  |2 rdacarrier 
500 |a "A Bradford book." 
504 |a Includes bibliographical references (pages [249]-265) and index. 
533 |a Electronic reproduction.  |b Boulder, Colo. :  |c NetLibrary,  |d 2001.  |n Available via World Wide Web.  |n Access may be limited to NetLibrary affiliated libraries. 
500 |a Electronic resource. 
650 0 |a Education  |x Data processing.  |0 http://id.loc.gov/authorities/subjects/sh85041001 
650 0 |a Learning, Psychology of.  |0 http://id.loc.gov/authorities/subjects/sh85075526 
650 0 |a Literacy.  |0 http://id.loc.gov/authorities/subjects/sh85077482 
655 7 |a Electronic books.  |2 local 
710 2 |a NetLibrary, Inc.  |0 http://id.loc.gov/authorities/names/no99080690 
776 1 |c Original  |z 0262041804  |w (DLC) 99040215  |w (OCoLC)42290166 
856 4 1 |u https://proxy.library.tamu.edu/login?url=http://www.netLibrary.com/urlapi.asp?action=summary&v=1&bookid=40010  |z Connect to the full text of this electronic book  |t 0 
994 |a X0  |b IIC 
999 |a MARS 
999 f f |s 86561317-d771-3288-81a0-daff9f1630ff  |i 4cbab077-e1cc-3939-a577-68b9bd43bf75  |t 0 
952 f f |a Texas A&M University  |b College Station  |c Electronic Resources  |d Available Online  |t 0  |e LB1028.43 .D57 2000eb  |h Library of Congress classification 
998 f f |a LB1028.43 .D57 2000eb  |t 0  |l Available Online